000 00325nam a22001337a 4500
008 170522b xxu||||| |||| 00| 0 eng d
020 _a9780395868508
041 _aeng
080 _22ND
_a94(7/8)
100 _a16
101 _aSHH
245 _aMAJOR PROBLEMS IN AMERICAN HISTORY SINCE 1945
_cGRIFFITH, R
942 _2udc
_cBK
999 _c13608
_d13608